00501nam a2200193 a 450000100060000000300090000600800410001502000150005604000280007108200150009910000210011424500230013526000430015830000100020165000260021165000140023765000350025165000210028612758CO-ViMGA141112s2004 ck r 000 u spa d a0883122324 aCO-ViMGAbspacCO-ViMGA04a498.2 S4511 aSlocum, Marianna10aGramática Páez aLomalinda : bMeta, cTownsend, c1986 a171p.14aINDIGENAS DE COLOMBIA14aLEGUA BUA14aLENGUAS - INDIGENAS - COLOMBIA14aPAEZ - GRAMATICA